<?xml version="1.0" encoding="UTF-8"?>
<collection xmlns="http://www.loc.gov/MARC21/slim">
<record>
  <controlfield tag="001">310003</controlfield>
  <controlfield tag="005">20230204173951.0</controlfield>
  <datafield tag="035" ind1=" " ind2=" ">
    <subfield code="a">G:(GEPRIS)46281172</subfield>
  </datafield>
  <datafield tag="024" ind1="7" ind2=" ">
    <subfield code="a">G:(GEPRIS)46281172</subfield>
    <subfield code="d">46281172</subfield>
  </datafield>
  <datafield tag="040" ind1=" " ind2=" ">
    <subfield code="a">GEPRIS</subfield>
    <subfield code="c">http://gepris.its.kfa-juelich.de</subfield>
  </datafield>
  <datafield tag="150" ind1=" " ind2=" ">
    <subfield code="a">N01 - Nachwuchsgruppe Analysis of Nod like receptor (NLR) mediated innate immunity in mammalian cells (N01)</subfield>
    <subfield code="y">2007 - 2012</subfield>
  </datafield>
  <datafield tag="371" ind1=" " ind2=" ">
    <subfield code="a">Professor Dr. Thomas Kufer</subfield>
  </datafield>
  <datafield tag="450" ind1=" " ind2=" ">
    <subfield code="a">SFB 670 N01</subfield>
    <subfield code="w">d</subfield>
    <subfield code="y">2007 - 2012</subfield>
  </datafield>
  <datafield tag="510" ind1="1" ind2=" ">
    <subfield code="a">Deutsche Forschungsgemeinschaft</subfield>
    <subfield code="0">I:(DE-588b)2007744-0</subfield>
    <subfield code="b">DFG</subfield>
  </datafield>
  <datafield tag="550" ind1=" " ind2=" ">
    <subfield code="0">G:(GEPRIS)13123509</subfield>
    <subfield code="a">SFB 670: Zell-autonome Immunität</subfield>
    <subfield code="w">t</subfield>
  </datafield>
  <datafield tag="680" ind1=" " ind2=" ">
    <subfield code="a">Die meisten Körperzellen sind in der Lage, nach einer Infektion durch Mikroorganismen eine Entzündungsreaktion auszulösen. Unsere Forschungsgruppe analysiert eine spezielle Gruppe von sogenannten "Mustererkennungsrezeptoren", den "Nod-like receptors" (NLRs) welche in diesem Prozess involviert sind. NLRs erkennen konservierte Bestandteile von Mikroorganismen, sogenannte Pathogen assoziierte molekulare Muster (PAMPs). Mutationen in einigen dieser NLRs sind mit schweren entzündlichen Erkrankungen wie zum Beispiel Morbus Crohn assoziiert. Obwohl im Menschen bisher 23 NLR-Proteine identifiziert wurden, ist derzeit nur für einige wenige deren biologische Funktion bekannt. Unsere Arbeiten fokussieren auf die funktionelle Feincharakterisierung der „klassischen“ NLR-Proteine NOD1 und NOD2, welche bakterielle PAMPs erkennen. Zudem versuchen wir, die Funktion von bisher nicht beschriebenen NLRs im Detail zu entschlüsseln. Hierzu benutzen wir biochemische und zellbiologische Methoden und verwenden den Erreger der Bakterienruhr Shigella flexneri als infektiöses Modellsystem.</subfield>
  </datafield>
  <datafield tag="909" ind1="C" ind2="O">
    <subfield code="o">oai:juser.fz-juelich.de:976878</subfield>
    <subfield code="p">authority:GRANT</subfield>
    <subfield code="p">authority</subfield>
  </datafield>
  <datafield tag="980" ind1=" " ind2=" ">
    <subfield code="a">G</subfield>
  </datafield>
  <datafield tag="980" ind1=" " ind2=" ">
    <subfield code="a">AUTHORITY</subfield>
  </datafield>
  <datafield tag="909" ind1="C" ind2="O">
    <subfield code="o">oai:juser.fz-juelich.de:976878</subfield>
  </datafield>
</record>
</collection>